Mountain Dew Flavors - Statistics

General Stats
  • This quiz has been taken 93 times
  • The average score is 5 of 9
Answer Stats
Soda % Correct
Code Red
90%
Baja Blast
83%
Original
76%
Voltage
75%
LiveWire
68%
Pitch Black
55%
Major Melon
51%
Spark
45%
Goji Citrus Strawberry
6%
No matching quizzes found
Score Distribution
Percent of People with Each Score
Percentile by Number Answered
Your Score History
You have not taken this quiz